| 000 | 01036nam a22001937a 4500 | ||
|---|---|---|---|
| 999 |
_c12828 _d12828 |
||
| 003 | AR-CdUCM | ||
| 008 | 190410b ||||| |||| 00| 0 spa d | ||
| 040 |
_aMUNICIPALIDAD PROVINCIAL DEL CUSCO _cBIBLIOTECA MUNICIPAL DEL CUSCO |
||
| 082 |
_a336 / _bM68 |
||
| 110 |
_aCentro regional de ayuda técnica. _910048 |
||
| 245 |
_aModernización del control de los presupuestos gubernamentales : _bAplicación de la cooperación técnica al mejoramiento de la administración de los presupuestos de los gobiernos de los países en desarrollo / |
||
| 260 |
_aMéxico : _bCentro regional de ayuda técnica, _c1963. |
||
| 300 |
_a117 páginas _c23 cm. |
||
| 505 | _aContenido :El presupuesto en el gobierno moderno -- El presupuesto y el desarrollo económico -- Elementos esenciales de un sistema presupuestal efectivo -- Organización y personal de la agencia presupuestal -- Técnicas de administración del presupuesto ... | ||
| 650 |
_aEconomía _9382 |
||
| 650 |
_aEntidades gubernamentales _930910 |
||
| 942 |
_2ddc _cLIBROS |
||
| 945 | _arum | ||